00364nam a2200157Ia 4500003000400000005001700004008004000021020001500061040000700076041001200083082001600095100001900111245002500130260004300155300000800198OSt20260206112007.0210210b1992 xxu||||| |||| 00| 0 eng d a817223483X cAL aEnglish a813.54 SHED aSidney Sheldon aDoomsday conspiracy. aN YbHarper & Collins Publishersc1992 a320